[Event "Linares op"]
[Site "Linares"]
[Date "1994.??.??"]
[Round "7"]
[White "Levin, Felix"]
[Black "Ibragimov, Ildar"]
[Result "1/2-1/2"]
[WhiteElo "2495"]
[BlackElo "2525"]

1.d4 d5 2.c4 dxc4 3.e3 Nf6 4.Bxc4 e6 5.Nf3 c5 6.O-O a6 7.Qe2 b5 8.Bb3 Bb7
9.Rd1 Nbd7 10.Nc3 Qb8 11.d5 c4 12.dxe6 fxe6 13.Bc2 Bd6 14.g3 O-O 15.Nd4 e5
16.Nf5 Bc5 17.e4 g6 18.Ne3 Bd4 19.a4 Nc5 20.axb5 axb5 21.Rxa8 Bxa8 22.f3 Kh8
23.Kg2 Ne6 24.Rf1 Bc5 25.Ncd5 Nd4 26.Qd1 Nxd5 27.Nxd5 Qd6 28.Bh6 Rf7 29.Bb1 Bxd5
30.exd5 Qxd5 31.Be4 Qe6 32.Qd2 Bf8 33.Ra1 Nb3 34.Qd8 Nxa1 35.Bxf8 h5 36.Qb8 Kh7
37.Bd6 Re7 38.Bxe7 Qxe7 39.Qxb5 Nb3 40.Qxc4 Nd4 41.b4 h4 42.Qc5 Qe6 43.Bd5 Qd7
44.Kf2 h3 45.g4 Qd8 46.Qa7+ Kh6 47.Qf7 Qb6 48.Qf8+ Kg5 49.Qe7+ Kh6 50.Qxe5 Nf5+
51.Ke2 Qb5+ 52.Kf2 Qb6+ 53.Ke2 Qb5+ 54.Kf2 Qb6+ 55.Kf1  1/2-1/2

[Event "St Petersburg op2"]
[Site "St Petersburg"]
[Date "1994.??.??"]
[Round "1"]
[White "Ibragimov, Ildar"]
[Black "Yasinsky, V."]
[Result "1-0"]
[WhiteElo "2480"]
[BlackElo "2360"]

1.d4 d5 2.c4 c6 3.Nf3 Nf6 4.e3 e6 5.Nbd2 Nbd7 6.Be2 Bd6 7.O-O O-O 8.Qc2 Qe7
9.b3 e5 10.dxe5 Nxe5 11.Bb2 Bg4 12.Rfe1 Rfe8 13.Nd4 Qd7 14.f4 Ng6 15.Bd3 c5
16.Nf5 d4 17.g3 dxe3 18.Nxe3 Rad8 19.Bxf6 gxf6 20.Nd5 Kg7 21.Nf1 Re6 22.Nfe3 Rde8
23.Qc3 h5 24.Kf2 Qd8 25.Bf5 Bxf5  1-0

[Event "St Petersburg op2"]
[Site "St Petersburg"]
[Date "1994.??.??"]
[Round "2"]
[White "Petrakov, A."]
[Black "Ibragimov, Ildar"]
[Result "0-1"]
[WhiteElo "2325"]
[BlackElo "2480"]

1.c4 e5 2.Nc3 Nc6 3.Nf3 g6 4.g3 Bg7 5.Bg2 d6 6.O-O Nf6 7.Rb1 a5 8.a3 O-O
9.b4 axb4 10.axb4 h6 11.d3 Bg4 12.h3 Be6 13.b5 Ne7 14.c5 dxc5 15.Nxe5 Qd4
16.Bb2 Qxe5 17.Ne4 Qxb2 18.Rxb2 Nxe4 19.Rc2 Nc3 20.Rxc3 Bxc3 21.Qc1 Bd4 22.Qxh6 Ra5
23.e3 Bg7 24.Qg5 Re8 25.Qxc5 c6 26.Rb1 Ba2 27.Qb6 Bxb1 28.Qxa5 Bxd3 29.bxc6 bxc6
30.h4 Bf5 31.Qc5 Bf8 32.Bf3 Rc8 33.h5 gxh5 34.Bxh5 Nd5 35.Qc4 Be6 36.Qc2 c5
37.e4 Nb4 38.Qc1 c4 39.f4 Nd3 40.Qc2 Rb8 41.f5 Rb2 42.Qa4 Bc5+ 43.Kh1 Nf2+
44.Kg2 Nxe4+ 45.Kf3 Nf6  0-1

[Event "St Petersburg op2"]
[Site "St Petersburg"]
[Date "1994.??.??"]
[Round "3"]
[White "Ibragimov, Ildar"]
[Black "Prokopchuk, Evgeny"]
[Result "1-0"]
[WhiteElo "2480"]
[BlackElo "2435"]

1.c4 e5 2.Nc3 d6 3.g3 Nf6 4.Bg2 c6 5.d4 Nbd7 6.Nf3 e4 7.Nd2 d5 8.O-O Be7
9.a4 a5 10.cxd5 cxd5 11.f3 exf3 12.Nxf3 O-O 13.Bf4 Nb6 14.Nb5 Nc4 15.Qb3 Bd7
16.Ne5 Be6 17.Nxc4 dxc4 18.Qc2 Nd5 19.e4 Nxf4 20.gxf4 Rc8 21.Kh1 Bb4 22.d5 Bd7
23.Nc3 Qh4 24.e5 Rfe8 25.Rae1 g6 26.Re3 Bf5 27.Ne4 Kh8 28.Qd1 Bxe4 29.Rxe4 c3
30.bxc3 Rxc3 31.d6 Bc5 32.Qd5 Rf8 33.Rc4 Rxc4 34.Qxc4 b6 35.Qe4 Kg7 36.Rd1 Qg4
37.Bf3 Qe6 38.Qd5 Qf5 39.Qe4 Qe6 40.Qd3 Rd8 41.Bd5 Qg4 42.Rf1 Re8 43.Bc4 Rd8
44.h3 Qh4 45.Qf3 Rf8 46.Kg2 Rd8 47.Qg4 Qxg4+ 48.hxg4 f6 49.g5 fxe5 50.fxe5 Rf8
51.Rxf8 Kxf8 52.Kf3 Bb4 53.Ke4 Bd2 54.Kd5 Bxg5 55.Kc6  1-0

[Event "St Petersburg op2"]
[Site "St Petersburg"]
[Date "1994.??.??"]
[Round "4"]
[White "Ibragimov, Ildar"]
[Black "Serper, Grigory"]
[Result "0-1"]
[WhiteElo "2480"]
[BlackElo "2575"]

1.d4 Nf6 2.c4 e6 3.Nc3 Bb4 4.e3 c5 5.Ne2 b6 6.a3 Ba5 7.g3 Bb7 8.d5 b5 9.Bg2 bxc4
10.e4 exd5 11.exd5 O-O 12.O-O d6 13.Bf4 Nh5 14.Be3 Nd7 15.Ne4 Qb6 16.Nd4 Nhf6
17.Nf5 Nxe4 18.Qg4 g6 19.Ne7+ Kh8 20.Qxd7 Nf6 21.Qa4 Rfe8 22.Bg5 Kg7 23.Qxc4 h6
24.Bxf6+ Kxf6 25.Nc6 Bxc6 26.dxc6 Kg7 27.Rab1 Qc7 28.b4 cxb4 29.axb4 Bb6
30.Rfe1 Re5 31.Re2 Rae8 32.Rbe1 Qd8 33.Kf1 Qf6 34.Qf4 Rf5 35.Rxe8 Rxf4 36.gxf4 Qxf4
37.R8e2 Qxb4 38.Rc1 Qf4 39.Rec2 Bxf2 40.c7 Bb6+ 41.Ke2 Qe3+ 42.Kd1 Qg1+ 43.Ke2 Qe3+
44.Kd1 Qg1+ 45.Ke2 Qxg2+ 46.Kd3 Qf3+  0-1

[Event "St Petersburg op"]
[Site "St Petersburg"]
[Date "1994.??.??"]
[Round "7"]
[White "Ibragimov, Ildar"]
[Black "Gubanov, Anton"]
[Result "1/2-1/2"]
[WhiteElo "2525"]
[BlackElo "2405"]

1.d4 Nf6 2.Nc3 g6 3.e4 d6 4.Be3 c6 5.Qd2 b5 6.f3 Bg7 7.O-O-O Qa5 8.Kb1 Nbd7
9.Nh3 b4 10.Ne2 Ba6 11.Nc1 Bxf1 12.Rhxf1 c5 13.Nb3 Qc7 14.dxc5 dxc5 15.Bf4 Ne5
16.Nf2 O-O 17.Nd3 Nfd7 18.Nxe5 Nxe5 19.Qf2 Rac8 20.Qg3 c4 21.Nc1 c3 22.b3 Qa5
23.a4 Nc4 24.Nd3 Rc6 25.Qg5 e5 26.Bc1 f6 27.Qg4 Nb6 28.Be3 Rb8 29.Bxb6 axb6
30.Qd7 Rcc8 31.f4 exf4 32.Nxf4 Rf8 33.Ne6 Rf7 34.Qd5 Qxd5 35.exd5 Bf8 36.Nxf8 Kxf8
37.Rf4 Re7 38.Rxb4 Re2 39.d6 Rxg2 40.d7 Rd2 41.Kc1 Ke7 42.Rxd2 cxd2+ 43.Kxd2 Kxd7
44.a5 Kc6 45.Kc3 f5 46.h4  1/2-1/2

[Event "St Petersburg op2"]
[Site "St Petersburg"]
[Date "1994.??.??"]
[Round "8"]
[White "Ibragimov, Ildar"]
[Black "Shchekachev, Andrei"]
[Result "1-0"]
[WhiteElo "2480"]
[BlackElo "2480"]

1.e4 c5 2.c3 Qa5 3.g3 d6 4.Bg2 g6 5.Ne2 Bg7 6.O-O Nf6 7.d4 O-O 8.h3 Rd8 9.Be3 Nc6
10.a3 Qa6 11.Re1 Bd7 12.Nd2 b6 13.b4 Rab8 14.Qb1 Qc8 15.d5 Ne5 16.f4 Bh6
17.Nc1 Bxh3 18.fxe5 Bxe3+ 19.Rxe3 dxe5 20.Nf3 Bxg2 21.Kxg2 Ng4 22.Re2 e6
23.Nd3 exd5 24.Ndxe5 Re8 25.Nxg4 Qxg4 26.e5 Qc4 27.Qe1 Re7 28.Qd2 a5 29.Rae1 axb4
30.axb4 Ra8 31.Rf2 Kg7 32.Rh1 Rh8 33.Rh4 Qb3 34.Qg5 Re6 35.Qh6+ Kg8 36.Ng5 Re7  1-0

[Event "St Petersburg op"]
[Site "St Petersburg"]
[Date "1994.??.??"]
[Round "8"]
[White "Zakharevich, Igor"]
[Black "Ibragimov, Ildar"]
[Result "1-0"]
[WhiteElo "2395"]
[BlackElo "2525"]

1.d4 d5 2.Nf3 Nf6 3.c4 dxc4 4.Nc3 a6 5.e4 b5 6.e5 Nd5 7.a4 Nxc3 8.bxc3 Qd5
9.g3 Bb7 10.Bg2 Qd7 11.Ba3 g6 12.h4 Bg7 13.h5 O-O 14.Kf1 Bd5 15.Ng5 Bxg2+
16.Kxg2 Qd5+ 17.Qf3 Qxf3+ 18.Nxf3 Re8 19.e6 fxe6 20.Rae1 Nd7 21.hxg6 hxg6
22.Rxe6 Bf6 23.g4 Nb6 24.g5 Nd5 25.Kg3 Kf7 26.Rhe1 Bg7 27.Nh4 Nxc3 28.Nxg6 Nd5
29.Nf4 Nxf4 30.Kxf4 Bxd4 31.g6+ Kg8 32.Bxe7 c5 33.Kf5 b4 34.f4 c3 35.g7 c2
36.Kg6 b3 37.f5 b2 38.Rh1 Bxg7 39.f6 Rxe7 40.Rxe7 Bxf6 41.Kxf6 Rf8+ 42.Kg6  1-0

[Event "Ano Liosia op"]
[Site "Ano Liosia"]
[Date "1995.??.??"]
[Round "2"]
[White "Ibragimov, Ildar"]
[Black "Delithanasis, Dimitrios"]
[Result "1-0"]
[WhiteElo "2520"]
[BlackElo "2190"]

1.c4 g6 2.d4 Bg7 3.e4 Nc6 4.Nf3 d6 5.d5 Ne5 6.Nxe5 Bxe5 7.Bd3 e6 8.Nd2 exd5
9.cxd5 Nf6 10.Nf3 Nd7 11.Nxe5 Nxe5 12.O-O O-O 13.Be2 f5 14.f4 Nf7 15.exf5 Bxf5
16.Bd2 c5 17.Bc3 Qh4 18.Qd2 Rfe8 19.Rae1 Bd7 20.g3 Qh6 21.b3 Bh3 22.Bb5 Rf8
23.Rf2 a6 24.Bf1 Rfe8 25.Rfe2 Rxe2 26.Qxe2 Bxf1 27.Kxf1 Rf8 28.Kg2 Qh5 29.Qxh5 gxh5
30.Re7 Rb8 31.Kh3 Kf8 32.Rc7 b5 33.Kh4 a5 34.Kxh5 Ke8 35.Bf6 Ra8 36.g4 b4
37.g5 a4 38.g6 hxg6+ 39.Kxg6 Nd8 40.Kg7  1-0

[Event "Ano Liosia op"]
[Site "Ano Liosia"]
[Date "1995.??.??"]
[Round "3"]
[White "Makropoulou, Marina"]
[Black "Ibragimov, Ildar"]
[Result "0-1"]
[WhiteElo "2270"]
[BlackElo "2520"]

1.e4 g6 2.d4 Bg7 3.c3 d6 4.Nf3 Nf6 5.Bd3 O-O 6.Bg5 c5 7.O-O Nc6 8.d5 Nb8
9.Nbd2 Na6 10.a4 Nc7 11.Nc4 h6 12.Bh4 b6 13.Re1 Bb7 14.Qd2 Kh7 15.Rad1 Qd7
16.Bc2 Rae8 17.h3 Qc8 18.Bxf6 Bxf6 19.e5 dxe5 20.d6 Bxf3 21.d7 Qa6 22.dxe8=Q Nxe8
23.Nxe5 Bxd1 24.Qxd1 Bxe5 25.Rxe5 Qb7 26.Qd8 e6 27.Qh4 Kg7 28.Re2 Nf6 29.Rd2 Qc7
30.Qc4 Rd8 31.Qe2 Rxd2 32.Qxd2 Qe5 33.Bd3 Nd5 34.Bb5 h5 35.Bf1 h4 36.Be2 Nf4
37.Bf1 Qe4 38.b3 g5 39.Qd8 Qd5 40.Qb8 Qd7 41.Qe5+ Kg6 42.Qe4+ Kf6 43.b4 Qxa4
44.g3 hxg3 45.fxg3 Ng6 46.Qf3+ Kg7 47.bxc5 bxc5 48.Qe3 Qc6 49.Qxg5 Qf3 50.Qxc5 Qxg3+
51.Kh1 e5 52.Qxa7 Qxc3 53.Qb7 Qe1 54.Qg2 Kh6 55.Kh2 Nf4 56.Qf3 f5  0-1

[Event "Ano Liosia op"]
[Site "Ano Liosia"]
[Date "1995.??.??"]
[Round "4"]
[White "Ibragimov, Ildar"]
[Black "Tzoumbas, Anastasios"]
[Result "1-0"]
[WhiteElo "2520"]
[BlackElo "2360"]

1.e4 c5 2.d3 Nc6 3.g3 g6 4.Bg2 Bg7 5.f4 e6 6.Nf3 Nge7 7.c3 b6 8.O-O O-O 9.Be3 Ba6
10.Bf2 Qc7 11.Re1 Rad8 12.Na3 d6 13.Nc2 Qc8 14.Rc1 Qa8 15.Ne3 Bb7 16.Qe2 Rfe8
17.h4 e5 18.h5 d5 19.hxg6 hxg6 20.Ng5 exf4 21.gxf4 c4 22.d4 dxe4 23.Qxc4 Rf8
24.Bxe4 Qb8 25.Bg3 Na5 26.Qd3 Bxe4 27.Qxe4 Rfe8 28.Qf3 Qc8 29.Qg4 Qxg4 30.Nxg4 Nd5
31.Nf3 Nc4 32.b3 Nd6 33.c4 Nf5 34.cxd5 Nxg3 35.Rxe8+ Rxe8 36.Rc7 Ne2+ 37.Kf2 Nxf4
38.d6 Ne6 39.d5 Nc5 40.d7 Rf8 41.Nfe5 f5 42.Nxg6 Rd8 43.Rc8 Nb7 44.N4e5 Kh7
45.Rxd8 Nxd8 46.Nc6 Nb7 47.Nf4  1-0

[Event "Ano Liosia op"]
[Site "Ano Liosia"]
[Date "1995.??.??"]
[Round "6"]
[White "Ibragimov, Ildar"]
[Black "Rama, Lorenc"]
[Result "1-0"]
[WhiteElo "2520"]
[BlackElo "2290"]

1.d4 Nf6 2.Nf3 c5 3.e3 g6 4.c3 Qc7 5.Bd3 d5 6.dxc5 Qxc5 7.b4 Qc7 8.Bb2 Bg7
9.Nbd2 Nc6 10.Rc1 O-O 11.b5 Ne5 12.Nxe5 Qxe5 13.Nf3 Qd6 14.c4 dxc4 15.Bxc4 Qxd1+
16.Rxd1 Ne4 17.Ba3 Bc3+ 18.Kf1 Bf6 19.Bb4 Bf5 20.Nd4 Rfd8 21.Ke2 Bxd4 22.Rxd4 Rxd4
23.exd4 Rc8 24.Bd3 Nc3+ 25.Kd2 Bxd3 26.Kxd3 Nd5 27.Bd2 f6 28.g4 g5 29.h4 h6
30.a4 Kf7 31.a5 Ke6 32.f3 Kd7 33.Ke4 Nc3+ 34.Bxc3 Rxc3 35.h5 e6 36.a6 b6
37.Rb1 Kd6 38.Rf1 Rb3 39.Rc1 Kd7 40.f4 gxf4 41.d5 e5 42.Rc6 Re3+ 43.Kf5 f3
44.Rxf6 e4 45.Ke5 Re2 46.Rf7+ Ke8 47.Rxa7 f2 48.Ke6 Kf8 49.Rf7+ Kg8 50.a7 Ra2
51.Rxf2 Rxa7 52.d6  1-0

[Event "Ano Liosia op"]
[Site "Ano Liosia"]
[Date "1995.??.??"]
[Round "7"]
[White "Atalik, Suat"]
[Black "Ibragimov, Ildar"]
[Result "1/2-1/2"]
[WhiteElo "2500"]
[BlackElo "2520"]

1.d4 d5 2.c4 dxc4 3.e3 Nf6 4.Bxc4 e6 5.Nf3 c5 6.O-O a6 7.Nbd2 Nc6 8.dxc5 Bxc5
9.b3 O-O 10.Bb2 Qe7 11.Qb1 Ba3 12.Bxa3 Qxa3 13.Ne4 Qe7 14.Rd1 Rd8 15.Rxd8+ Nxd8
16.Bd3 Nd5 17.Qb2 b6 18.Rc1 Bb7 19.Nd4 g6 20.Nf3 f5 21.Ned2 Nf7 22.Nc4 Rc8
23.Nce5 Rxc1+ 24.Qxc1 Nxe5 25.Nxe5 Qd6 26.Qb2 Qb4 27.Bf1 a5 28.Nc4 b5 29.a3 Qe1
30.Qe5 bxc4 31.Qb8+ Kg7 32.Qxb7+ Kh6 33.bxc4 Nc3 34.Qf3 Ne4 35.h4 Kg7 36.Qf4 Kf6
37.g4 g5 38.Qf3 Ke5 39.Kg2 Qc3 40.a4 Qc2 41.gxf5 exf5 42.Kg1 Qc1 43.Kg2  1/2-1/2

[Event "Ano Liosia op"]
[Site "Ano Liosia"]
[Date "1995.??.??"]
[Round "8"]
[White "Ibragimov, Ildar"]
[Black "Botsari Miladinovic, Anna Maria"]
[Result "1-0"]
[WhiteElo "2520"]
[BlackElo "2355"]

1.c4 Nf6 2.Nc3 e6 3.d4 d5 4.Nf3 c6 5.Bg5 Nbd7 6.cxd5 exd5 7.e3 Be7 8.Bd3 O-O
9.Qc2 Re8 10.O-O Nf8 11.Ne5 Ng4 12.Bxe7 Qxe7 13.Nxg4 Bxg4 14.Rae1 Bh5 15.f4 f6
16.Qf2 Bf7 17.f5 c5 18.a3 a6 19.Qg3 cxd4 20.exd4 Qd7 21.Bc2 Qc6 22.Ba4 b5
23.Bb3 Nd7 24.Rxe8+ Rxe8 25.Re1 Nb6 26.Rxe8+ Qxe8 27.h3 Nc4 28.Bxc4 bxc4
29.Qd6 Qa8 30.Ne2 g6 31.Qxf6 Qb8 32.Qg5 h6 33.Qxh6 gxf5 34.Qg5+ Kf8 35.Qd2 a5
36.h4 Qb3 37.Kf2 Qb6 38.Ng3 Bg6 39.Kg1 Kg8 40.Kh2 Qb8 41.Qg5  1-0

[Event "Berliner Sommer"]
[Site "Berlin"]
[Date "1995.??.??"]
[Round "1"]
[White "Ibragimov, Ildar"]
[Black "Poseck, Steffen"]
[Result "1-0"]
[WhiteElo "2580"]
[BlackElo "2105"]

1.d4 Nf6 2.c4 g6 3.Nc3 d5 4.Nf3 Bg7 5.Bg5 Ne4 6.Bh4 Nxc3 7.bxc3 c5 8.e3 cxd4
9.cxd4 Nc6 10.cxd5 Qxd5 11.Be2 O-O 12.O-O e5 13.dxe5 Qxd1 14.Rfxd1 Nxe5 15.Rab1 a6
16.Nxe5 Bxe5 17.f4 Bg7 18.Bf3 Be6 19.a4 Rab8 20.a5 Bc3 21.Be7 Rfe8 22.Bb4 Bxb4
23.Rxb4 Re7 24.Rd6 Kg7 25.g4 Rc7 26.e4 Rc1+ 27.Kf2 Bc4 28.e5 Rc2+ 29.Kg3 Rc3
30.Kf2 Rc2+ 31.Kg3 Rc3 32.Rb2 Ra3 33.f5 gxf5 34.gxf5 Re8 35.Kf4 Rxa5 36.e6 fxe6
37.Rxb7+ Kf6 38.Be4 Bd5 39.Bxd5 Rxd5 40.Rxd5 exd5 41.Rb6+ Kf7 42.Kg5 Rd8
43.Rb7+ Kg8 44.f6 d4 45.Rg7+ Kh8 46.Kh6 Rd6 47.Rxh7+ Kg8 48.Rg7+ Kf8 49.Kg6 d3
50.Rb7 Ke8 51.Kg7 Rd7+ 52.f7+  1-0

[Event "Berliner Sommer"]
[Site "Berlin"]
[Date "1995.??.??"]
[Round "3"]
[White "Ibragimov, Ildar"]
[Black "Espig, Lutz"]
[Result "1-0"]
[WhiteElo "2580"]
[BlackElo "2415"]

1.d4 Nf6 2.c4 d6 3.Nc3 Nbd7 4.e4 e5 5.Nf3 Be7 6.Be2 O-O 7.O-O c6 8.Qc2 a6
9.Rd1 Qc7 10.Rb1 b5 11.b4 Bb7 12.c5 exd4 13.Bf4 Ne5 14.Rxd4 Nh5 15.cxd6 Bxd6
16.Rxd6 Nxf4 17.Rbd1 c5 18.Nxe5 cxb4 19.Nd7 Qxc3 20.Qd2 Qxd2 21.R1xd2 Rfe8
22.f3 Rac8 23.Bf1 Rc1 24.Kf2 Ne6 25.Nb6 Nc5 26.Rd8 Kf8 27.Nd7+ Ke7 28.Rxe8+ Kxe8
29.Nxc5 Rxc5 30.Ke3 Ke7 31.Kd4 Rc1 32.Bd3 Bc8 33.Rc2 Rxc2 34.Bxc2 Be6 35.Bb1 Kd6
36.f4 h6 37.f5 Bc4 38.e5+ Kc6 39.Be4+ Kd7 40.Bd5 Bxd5 41.Kxd5 a5 42.Kc5 b3
43.axb3 a4 44.bxa4 bxa4 45.Kb4 Kc6 46.Kxa4 Kd5 47.e6 fxe6 48.fxe6 Kxe6 49.Kb3 Ke5
50.Kc3  1-0

[Event "Berliner Sommer"]
[Site "Berlin"]
[Date "1995.??.??"]
[Round "4"]
[White "Schian, Thomas"]
[Black "Ibragimov, Ildar"]
[Result "0-1"]
[WhiteElo "2210"]
[BlackElo "2580"]

1.c4 f5 2.Nc3 Nf6 3.g3 g6 4.Bg2 Bg7 5.d4 d6 6.Nf3 O-O 7.O-O Qe8 8.Re1 Qf7
9.d5 Ne4 10.Qc2 Nxc3 11.bxc3 Na6 12.e4 e5 13.Ng5 Qf6 14.exf5 gxf5 15.Rb1 Nc5
16.f4 e4 17.Bd2 Bd7 18.Be3 Qxc3 19.Qxc3 Bxc3 20.Rec1 Ba5 21.Bxc5 dxc5 22.Kf2 h6
23.Ne6 Bxe6 24.dxe6 b6 25.Rd1 Rae8 26.Rd7 Rxe6 27.Rbd1 Rf7 28.Bh3 e3+ 29.Ke2 Bd2
30.Rxf7 Kxf7 31.Bxf5 Rd6 32.Bd3 h5 33.Rb1 Kf6 34.h3 Kg7 35.Rh1 Rd4 36.Rf1 b5
37.cxb5 Rxd3 38.Kxd3 c4+ 39.Kxc4 e2 40.Rg1 e1=Q 41.Rxe1 Bxe1 42.g4 h4 43.Kd5 Kf6
44.a4 Bd2 45.Ke4 Ke6 46.Kf3 Be1 47.Ke4 Bd2 48.Kf3 Bc3 49.Ke4 Be1 50.Kd4 Bf2+
51.Ke4 Bg3 52.Kf3 Kd5 53.Ke3 c6 54.bxc6 Kxc6 55.Ke4 Kd6 56.Kf5 Ke7 57.g5 a6
58.Kg4 Ke6 59.f5+ Ke5 60.f6 Ke6 61.Kh5 Kf5 62.f7 Bd6 63.Kxh4 Kg6 64.Kg4 Kxf7
65.h4 Ke6 66.Kh5 Bg3 67.Kg4 Be1 68.Kh5 a5 69.g6 Bd2 70.Kg4 Kf6 71.h5 Bh6
72.Kf3 Kg5 73.Ke4 Kxh5 74.Kf5 Bg7  0-1

[Event "Biel op"]
[Site "Biel"]
[Date "1995.??.??"]
[Round "6"]
[White "Ibragimov, Ildar"]
[Black "Wolter, Kai"]
[Result "1-0"]
[WhiteElo "2580"]
[BlackElo "2255"]

1.d4 d6 2.e4 Nf6 3.f3 g6 4.c4 Bg7 5.Nc3 O-O 6.Be3 Nbd7 7.Nge2 c5 8.d5 Ne5
9.Ng3 h5 10.Be2 e6 11.O-O exd5 12.cxd5 a6 13.Qd2 b5 14.a3 c4 15.Bd4 Ned7
16.Bd1 Re8 17.Bc2 Rb8 18.Rae1 a5 19.a4 b4 20.Nb5 Nb6 21.Qf4 b3 22.Bb1 Nxa4
23.Nxd6 g5 24.Qxg5 Qxd6 25.e5 Qxd5 26.Rd1 Nc5 27.Be4 Nfxe4 28.fxe4 Qc6 29.Nxh5 Ne6
30.Nf6+ Kf8 31.Nh7+ Kg8 32.Nf6+ Kf8 33.Qh5 Nxd4 34.Rxd4 Be6 35.Rd6 Qc5+ 36.Kh1 Bxf6
37.Rxf6 Ke7 38.Rfxe6+ fxe6 39.Qh4+ Kf8 40.Qf6+ Kg8 41.Rd7 Qf8  1-0

[Event "Biel op"]
[Site "Biel"]
[Date "1995.??.??"]
[Round "7"]
[White "Ibragimov, Ildar"]
[Black "Raetsky, Alexander"]
[Result "1-0"]
[WhiteElo "2580"]
[BlackElo "2505"]

1.d4 d5 2.c4 dxc4 3.Nf3 Nf6 4.e3 e6 5.Bxc4 c5 6.O-O a6 7.Nbd2 cxd4 8.Nxd4 Bd6
9.b3 O-O 10.Bb2 e5 11.N4f3 Nc6 12.Be2 Be6 13.Nc4 Bxc4 14.Bxc4 e4 15.Nd4 Ne5
16.Nf5 Bc7 17.Be2 Re8 18.Rc1 Nc6 19.Qxd8 Raxd8 20.Bxf6 gxf6 21.Bxa6 Bb8 22.Bxb7 Ne5
23.Bxe4 Ng4 24.Rfd1  1-0

[Event "Biel op"]
[Site "Biel"]
[Date "1995.??.??"]
[Round "11"]
[White "Ibragimov, Ildar"]
[Black "Ciric, Dragoljub M"]
[Result "1-0"]
[WhiteElo "2580"]
[BlackElo "2335"]

1.c4 e6 2.d4 d5 3.Nf3 Nf6 4.Nc3 Be7 5.Qc2 O-O 6.Bg5 h6 7.Bxf6 Bxf6 8.Rd1 c6
9.e3 Nd7 10.Bd3 Qe7 11.O-O dxc4 12.Bxc4 Nb6 13.Ne4 Nd7 14.Bb3 g6 15.Nxf6+ Qxf6
16.e4 e5 17.Nxe5 Nxe5 18.dxe5 Qxe5 19.f4 Qf6 20.f5 gxf5 21.exf5 b6 22.Qd3 Kh7
23.Qd6 Qxd6 24.Rxd6 c5 25.Rf4 b5 26.Bc2 f6 27.Rd5 a6 28.Rxc5 Ra7 29.a4 bxa4
30.Rfc4 Bd7 31.Rc7 Rxc7 32.Rxc7 Rf7 33.Bxa4 Be8 34.Rxf7+ Bxf7 35.Kf2 Bd5
36.g3 Be4 37.Bd7 Kg7 38.Ke3 Bg2 39.Kd4 Kf7 40.Kc5 Be4 41.b4 Ke7 42.Be6 Bd3
43.Bc4 Bxc4 44.Kxc4 Kd6 45.Kd4 Kc6 46.g4 Kd6 47.h4 Kc6 48.Ke4 Kd6 49.Kf4  1-0

[Event "Bled op"]
[Site "Bled"]
[Date "1995.??.??"]
[Round "2"]
[White "Gasser, Giorgio"]
[Black "Ibragimov, Ildar"]
[Result "0-1"]
[WhiteElo "2300"]
[BlackElo "2520"]

1.e4 c5 2.Nc3 Nc6 3.g3 g6 4.Bg2 Bg7 5.f4 d6 6.d3 e6 7.Nf3 Nge7 8.O-O O-O
9.Be3 b6 10.Rb1 Bb7 11.Ne2 Qd7 12.g4 f5 13.h3 d5 14.Ng3 Rad8 15.e5 d4 16.Bd2 Nb4
17.a3 Nbd5 18.g5 a5 19.Qe2 Ba6 20.h4 Rc8 21.Kh2 Rfd8 22.h5 a4 23.Nh4 Qe8
24.c4 dxc3 25.bxc3 Nc7 26.c4 b5 27.Ba5 bxc4 28.dxc4 Rd4 29.Rbc1 Ncd5 30.Bxd5 exd5
31.h6 Bf8 32.Qe3 Bxc4 33.Rfe1 Rd3 34.Qf2 Nc6 35.Bc3 Qe6 36.Red1 Rxd1 37.Rxd1 d4
38.Bb2 Rb8 39.Nf3 Bd5  0-1

[Event "Bled op"]
[Site "Bled"]
[Date "1995.??.??"]
[Round "3"]
[White "Ibragimov, Ildar"]
[Black "Ivacic, Vladimir"]
[Result "1-0"]
[WhiteElo "2520"]
[BlackElo "2300"]

1.e4 c6 2.d4 d5 3.e5 Bf5 4.Nf3 e6 5.Be2 c5 6.Be3 Qb6 7.Nc3 Nc6 8.O-O c4 9.b3 Qa5
10.Bd2 Bb4 11.Qe1 b5 12.a3 Bxc3 13.Bxc3 Qd8 14.a4 a6 15.Ra2 Nge7 16.Bb4 O-O
17.Bc5 Qd7 18.Qd2 Rfc8 19.Rfa1 Qe8 20.b4 Rab8 21.Nh4 Bg6 22.Nxg6 fxg6 23.Ra3 Nf5
24.g4 Nh6 25.h3 Rb7 26.axb5 axb5 27.Ra6 Qd8 28.c3 Qh4 29.Rxc6  1-0

[Event "Bled op"]
[Site "Bled"]
[Date "1995.??.??"]
[Round "4"]
[White "Mencinger, Vojko"]
[Black "Ibragimov, Ildar"]
[Result "1/2-1/2"]
[WhiteElo "2385"]
[BlackElo "2520"]

1.e4 e5 2.Nf3 Nc6 3.Bb5 a6 4.Ba4 Nf6 5.O-O Be7 6.Re1 b5 7.Bb3 d6 8.c3 O-O
9.h3 Na5 10.Bc2 c5 11.d4 Qc7 12.Nbd2 Rd8 13.d5 c4 14.Nf1 Nb7 15.Bd2 Nc5 16.N3h2 a5
17.Ng3 Rb8 18.f4 b4 19.f5 Ba6 20.Ng4 b3 21.axb3 cxb3 22.Bb1 Bd3 23.Nxf6+ Bxf6
24.Nh5 Bxb1 25.Nxf6+ gxf6 26.Bh6 Kh8 27.Qg4 Rg8 28.Qh4 Qe7 29.Rexb1 Ra8 30.Rd1 a4
31.Ra3 Rg5 32.Bxg5 fxg5 33.Qg4 f6 34.Qe2 Qa7 35.Kh2 Qa6 36.Qxa6 Rxa6 37.Rg1 h5
38.g4 h4 39.Kg2 Kg7 40.Kf3 Kf7 41.Ke3 Ke7 42.Re1 Kd7 43.Kd2 Kc7 44.c4 Kb6
45.Kc3 Ra8 46.Re3 Ka5 47.Re1 Rb8 48.Re3 Nd7  1/2-1/2

[Event "Bled op"]
[Site "Bled"]
[Date "1995.??.??"]
[Round "5"]
[White "Ibragimov, Ildar"]
[Black "Mikac, Matjaz"]
[Result "1/2-1/2"]
[WhiteElo "2520"]
[BlackElo "2415"]

1.e4 d6 2.d4 Nf6 3.Bd3 e5 4.Nf3 exd4 5.Nxd4 g6 6.O-O Bg7 7.Bg5 h6 8.Bh4 Nc6
9.Nxc6 bxc6 10.f4 g5 11.Bg3 Ng4 12.Qc1 Bd4+ 13.Kh1 h5 14.fxg5 Be3 15.Qd1 Qxg5
16.Qf3 Be6 17.Nc3 h4 18.Bf4 Bxf4 19.Qxf4 Qxf4 20.Rxf4 Ne5 21.Nd1 Rb8 22.b3 a5
23.Be2 Rb4 24.Nf2 Ke7 25.Rd1 c5 26.Nd3 Nxd3 27.Bxd3 Rbb8 28.h3 a4 29.Rdf1 axb3
30.axb3 Rb4 31.Kh2 Rh6 32.R1f2 Rb8 33.Be2 Rb4 34.Bg4 Rh7 35.Bxe6 Kxe6 36.Rg4 c4
37.Rf3 cxb3 38.cxb3 Ke5 39.Rf5+ Ke6 40.Rf3 Ke5 41.Rf5+  1/2-1/2

[Event "Bled op"]
[Site "Bled"]
[Date "1995.??.??"]
[Round "6"]
[White "Ibragimov, Ildar"]
[Black "Osterman, Rudolf"]
[Result "1-0"]
[WhiteElo "2520"]
[BlackElo "2390"]

1.e4 c5 2.d3 Nc6 3.g3 g6 4.Bg2 Bg7 5.f4 d6 6.Nf3 e6 7.O-O Nge7 8.c3 O-O 9.Be3 b6
10.Re1 a5 11.a4 Ba6 12.Na3 d5 13.Nb5 d4 14.Bf2 dxc3 15.bxc3 Bxb5 16.axb5 Na7
17.d4 cxd4 18.Nxd4 Qc7 19.e5 Rac8 20.Rc1 Rfd8 21.Qb3 Nd5 22.Bxd5 Rxd5 23.c4 Rc5
24.Nc6 Nxc6 25.Bxc5 Nxe5 26.Ba3 a4 27.Qe3 Nd7 28.Kg2 h5 29.Red1 Nc5 30.Bxc5 bxc5
31.Rb1 Rb8 32.Qf3 Qa5 33.Rd3 Bd4 34.Ra3 Bg7 35.h4 Bf6 36.Kh3 e5 37.f5 Rf8
38.fxg6 fxg6 39.Qe4 Qa7 40.Rd3  1-0

[Event "Bled op"]
[Site "Bled"]
[Date "1995.??.??"]
[Round "8"]
[White "Ibragimov, Ildar"]
[Black "Cebalo, Miso"]
[Result "1-0"]
[WhiteElo "2520"]
[BlackElo "2570"]

1.d4 Nf6 2.c4 e6 3.Nc3 Bb4 4.e3 b6 5.Ne2 c5 6.a3 Ba5 7.g3 Bb7 8.d5 b5 9.Bg2 bxc4
10.e4 exd5 11.exd5 d6 12.O-O O-O 13.Bf4 Qb6 14.Qa4 Bxc3 15.Nxc3 Nbd7 16.Rfd1 Rfe8
17.Qxc4 Ba6 18.Qa4 Ne5 19.b4 Nd3 20.b5 Nxf4 21.Qxf4 Bxb5 22.Rdb1 a6 23.a4 Qa5
24.axb5 Qxc3 25.bxa6 Red8 26.Qe3 Qc2 27.Qb3 Qf5 28.a7 h5 29.h3 c4 30.Qb8 Qe5
31.Ra2 Nd7 32.Qc7 c3 33.Rb8 Raxb8 34.axb8=Q Rxb8 35.Qxd7 Rb2 36.Ra8+ Kh7
37.Qxf7 Re2 38.Bf1 Re1 39.Rc8 h4 40.Qf3 hxg3 41.Qxg3  1-0

[Event "Spring op"]
[Site "Budapest"]
[Date "1995.??.??"]
[Round "?"]
[White "Tamassy, Zoltan"]
[Black "Ibragimov, Ildar"]
[Result "0-1"]
[WhiteElo "2275"]
[BlackElo "2520"]

1.d4 Nf6 2.Bf4 b6 3.e3 Bb7 4.Nf3 g6 5.Nbd2 Bg7 6.Be2 d6 7.O-O O-O 8.c3 Nbd7
9.Qc2 Qe8 10.h3 e5 11.Bh2 e4 12.Ne1 Qe7 13.a4 a5 14.Nc4 Nd5 15.Qd2 f5 16.Na3 Bh6
17.c4 Nb4 18.Nec2 Nxc2 19.Nxc2 Qf7 20.d5 Nc5 21.Nd4 Bc8 22.f4 exf3 23.Bxf3 Bd7
24.Qc3 Rae8 25.Bf4 Qg7 26.h4 Bxf4 27.exf4 Nxa4 28.Qd2 Nc5 29.Kh2 Re7 30.Rae1 Rfe8
31.Rxe7 Qxe7 32.g3 Qe3 33.Qd1 Ne4 34.Kg2 Nd2 35.Nc2 Nxf1 36.Kxf1 Qb3 37.Kg2  0-1

[Event "Spring op"]
[Site "Budapest"]
[Date "1995.??.??"]
[Round "?"]
[White "Ibragimov, Ildar"]
[Black "Dekic, Josip"]
[Result "1-0"]
[WhiteElo "2520"]
[BlackElo "2340"]

1.c4 Nf6 2.Nc3 d5 3.cxd5 Nxd5 4.g3 g6 5.Bg2 Nxc3 6.bxc3 Bg7 7.Rb1 Nd7 8.Nf3 Nb6
9.Qc2 Bd7 10.d3 Ba4 11.Qd2 Bc6 12.O-O O-O 13.c4 Re8 14.Ng5 Bxg2 15.Kxg2 Qd7
16.Qa5 Qc6+ 17.f3 Nd7 18.Be3 b6 19.Qb5 Qd6 20.Ne4 Qe6 21.Bf2 c5 22.Qb3 Qc6
23.a4 a5 24.Be1 f5 25.Nc3 e6 26.Nb5 g5 27.Bc3 Re7 28.Bxg7 Rxg7 29.d4 Nf6
30.Rfd1 g4 31.d5 Qe8 32.Nd6 Qe7 33.Qxb6 exd5 34.Rb2 Rg5 35.f4 Rg6 36.Qb8+ Rxb8
37.Rxb8+ Qf8 38.Rxf8+ Kxf8 39.cxd5 Ne4 40.Nxe4 fxe4 41.Rc1 Rb6 42.Rxc5 Rb4
43.Rxa5 e3 44.d6 Rb2 45.Ra8+  1-0

[Event "Spring op"]
[Site "Budapest"]
[Date "1995.??.??"]
[Round "?"]
[White "Dmitriev, Igor"]
[Black "Ibragimov, Ildar"]
[Result "0-1"]
[WhiteElo "2435"]
[BlackElo "2520"]

1.e4 e5 2.Nc3 Nf6 3.g3 Bc5 4.Bg2 Nc6 5.d3 O-O 6.Nge2 Nd4 7.O-O Re8 8.h3 c6
9.Rb1 d5 10.Bg5 Nxe2+ 11.Qxe2 d4 12.Nd1 Be7 13.c4 b5 14.b3 Nd7 15.Bd2 a5
16.cxb5 cxb5 17.f4 Ba6 18.Nf2 Rc8 19.Rbc1 Ba3 20.Rxc8 Qxc8 21.Qd1 b4 22.h4 Nc5
23.Qf3 exf4 24.Bh3 Qc6 25.Bxf4 a4 26.bxa4 Nxa4 27.Ng4 f6 28.Be5 Bc8 29.Bxd4 Bb2
30.Bxb2 Nxb2 31.Rf2 Bxg4 32.Bxg4 Qc3 33.Bd7 Rd8 34.Be6+ Kh8 35.Bb3 Nxd3 36.Rc2 Qd4+
37.Kh2 Ne1  0-1